000 00641nam a2200241Ia 4500
003 OSt
005 20220918174121.0
006 a|||||r|||| 00| 0
007 ta
008 220917b |||||||| |||| 00| 0 eng d
024 _a10,490
037 _cTextual
040 _aARTS
_cARTS
_beng
041 _2eng
_aeng
082 _aR,(Y:6), M9
100 _aGoel Dharmendra ed
_949143
245 0 _aPhilosophy and social change
260 _aIndia
_bAjanta Pub
_c1989
300 _axii,295p
_ccm.
650 _aPHILOSOPHY; SOCIOLOGY
_924433
942 _hR,(Y:6), M9
_cTEXL
_2CC
999 _c151834
_d151834